Visualizzazione normale
Vista MARC
- Reid
di Personal Name
Records bibliografici associati: 1
001 - CONTROL NUMBER
- control field: 21732
003 - CONTROL NUMBER IDENTIFIER
- control field: IT-RoPau
005 - DATE AND TIME OF LATEST TRANSACTION
- control field: 20140423144647.0
008 - FIXED-LENGTH DATA ELEMENTS
- fixed length control field: 140423|| aca||aabn | a|a d
040 ## - CATALOGING SOURCE
- Original cataloging agency: IT-RoPau
- Transcribing agency: IT-RoPau
100 ## - HEADING--PERSONAL NAME
- Personal name: Reid
- Miscellaneous information: Codice autore musica SPICS: 20153
- Relator term: Autore musica
- Name of part/section of a work: Egyptian/Rhapsody
670 ## - SOURCE DATA FOUND
- Source citation: Work cat.: (IT-RoPau)100260: AA.VV. 794, Jazz. Gli uomini, gli strumenti, gli stili 66